GRE Exam Premier Program 2007 (Record no. 314445)

MARC details
000 -LEADER
fixed length control field 00367nam a2200157Ia 4500
008 - FIXED-LENGTH DATA ELEMENTS--GENERAL INFORMATION
fixed length control field 230718s9999 xx 000 0 und d
041 ## - LANGUAGE CODE
Language code of text/sound track or separate title eng
082 ## - DEWEY DECIMAL CLASSIFICATION NUMBER
Classification number 372.65
Item number KAP
100 ## - MAIN ENTRY--PERSONAL NAME
Personal name Kaplan
245 ## - TITLE STATEMENT
Title GRE Exam Premier Program 2007
260 ## - PUBLICATION, DISTRIBUTION, ETC. (IMPRINT)
Date of publication, distribution, etc. 2006
Name of publisher, distributor, etc. Kaplan
300 ## - PHYSICAL DESCRIPTION
Extent 410
365 ## - TRADE PRICE
Currency code Rs.
Price amount 882.00
700 ## - ADDED ENTRY--PERSONAL NAME
Personal name Kaplan
906 ## - LOCAL DATA ELEMENT F, LDF (RLIN)
d 622/18.8.06
c OTH
b 176.4
Holdings
Withdrawn status Lost status Damaged status Not for loan Home library Current library Date acquired Vendor Budget Code Cost, normal purchase price Bill number Total Checkouts Full call number Barcode Date last seen Discount Cost, replacement price Bill Date Koha item type Original Barcode
        Cummins College of Engineering for Women Pune Cummins College of Engineering for Women Pune 24/08/2006 Goels Computer Hut OTH 705.60 622/18.8.06   372.65 CCEP-BK-25652 18/07/2023 176.4 882.00 18/08/2006 Books 025652